[Event "Jan Macieja Memorial"]
[Site "Warsaw POL"]
[Date "2023.07.10"]
[Round "3.11"]
[White "Mis, Mieszko"]
[Black "Rekuc, Patryk"]
[Result "1-0"]
[WhiteElo "2369"]
[BlackElo "2108"]
[EventDate "2023.07.10"]
[PlyCount "139"]

1.Nf3 Nf6 2.c4 e6 3.g3 d5 4.Bg2 Be7 5.O-O O-O 6.d4 c6 7.Qc2 b6 8.Nbd2 Bb7 9.e4 
dxe4 10.Nxe4 Nbd7 11.Rd1 Nxe4 12.Qxe4 Nf6 13.Qc2 Qc8 14.c5 Rd8 15.Bd2 Nd5 
16.Bg5 Qc7 17.Rac1 Rac8 18.Bxe7 Qxe7 19.Ne5 Qf6 20.Nc4 Nb4 21.Qb3 Nd5 22.cxb6 
axb6 23.Nxb6 Rb8 24.Bxd5 cxd5 25.a4 Ba6 26.Rd2 h5 27.a5 h4 28.Qe3 hxg3 29.fxg3 
Qe7 30.Qc3 Qg5 31.Re1 Qe7 32.Rf2 Rb7 33.Rc1 Qg5 34.Rf4 Qe7 35.Qc5 Qg5 36.b4 e5 
37.dxe5 Qxe5 38.b5 Bxb5 39.Qd4 Qe7 40.Rb1 Bc4 41.Rd1 Rc7 42.Qf2 f6 43.Re1 Qc5 
44.Qxc5 Rxc5 45.Rd1 Be2 46.Rd2 Ba6 47.Ra4 Bb5 48.Rad4 Bc6 49.Ra2 Rb8 50.Kf2 Rb5 
51.h4 Rc5 52.Rdd2 Rb5 53.Rdc2 Be8 54.Ke3 Rb3+ 55.Kd4 Rxg3 56.a6 Rg4+ 57.Kc5 
Rxh4 58.a7 Rd8 59.a8=Q Rxa8 60.Rxa8 Kf7 61.Re2 g5 62.Raxe8 Rf4 63.R8e7+ Kg6 
64.Nxd5 Rf1 65.Rg2 Rc1+ 66.Kd4 Rd1+ 67.Ke4 f5+ 68.Ke5 g4 69.Nf4+ Kh6 70.Rh2+ 1-0

[Event "Jan Macieja Memorial"]
[Site "Warsaw POL"]
[Date "2023.07.10"]
[Round "3.12"]
[White "Dzida, Kamil"]
[Black "Kowalski, Igor"]
[Result "1/2-1/2"]
[WhiteElo "2139"]
[BlackElo "2367"]
[EventDate "2023.07.10"]
[PlyCount "94"]

1.d4 d5 2.c4 c6 3.Nf3 Nf6 4.Nc3 dxc4 5.a4 Bf5 6.e3 e6 7.Bxc4 Bb4 8.O-O O-O 
9.Qe2 Bg6 10.Ne5 Nbd7 11.Nxg6 hxg6 12.Bd2 a5 13.Rfd1 Qe7 14.e4 e5 15.d5 Nb6 
16.dxc6 bxc6 17.Bb3 Rfd8 18.Rac1 Bc5 19.Be3 Bd4 20.Nb1 Qb4 21.Nd2 Bxe3 22.Qxe3 
Rd4 23.Qc3 Rad8 24.Qxb4 Rxb4 25.Nf3 Rd7 26.Nxe5 Rxb3 27.Nxd7 Nbxd7 28.Rxc6 Rxb2 
29.Ra6 Nxe4 30.Rxa5 Ndf6 31.f3 Nc3 32.Re1 Ra2 33.Rc5 Nxa4 34.Ra5 Nc3 35.Rxa2 
Nxa2 36.Kf2 Kf8 37.Ra1 Nb4 38.Ra8+ Ke7 39.Ra7+ Nd7 40.h4 Nc6 41.Ra4 f5 42.Ra6 
Nce5 43.Kg3 Nd3 44.Rxg6 Kf7 45.Ra6 Nf6 46.Kh2 f4 47.g3 Ne5 1/2-1/2

[Event "Jan Macieja Memorial"]
[Site "Warsaw POL"]
[Date "2023.07.10"]
[Round "3.13"]
[White "Kovalevsky, Stanislav"]
[Black "Sengupta, Deep"]
[Result "0-1"]
[WhiteElo "2133"]
[BlackElo "2361"]
[EventDate "2023.07.10"]
[PlyCount "92"]

1.c4 Nf6 2.Nc3 g6 3.g3 Bg7 4.Bg2 O-O 5.e4 c5 6.Nge2 Nc6 7.O-O d6 8.d3 Bd7 9.a3 
Qc8 10.Re1 a6 11.Rb1 Nd4 12.Nxd4 cxd4 13.Nd5 Qd8 14.b4 b5 15.Bg5 Rc8 16.Bxf6 
exf6 17.Qb3 Re8 18.Rbc1 f5 19.cxb5 axb5 20.exf5 Rxc1 21.Rxc1 Bxf5 22.Bf3 h5 
23.Nc7 Qg5 24.Rf1 Rc8 25.h4 Qd2 26.Nxb5 Qxd3 27.Qxd3 Bxd3 28.Nxd6 Rc3 29.Re1 
Rxa3 30.Bd5 Bc2 31.Bxf7+ Kh7 32.Re6 Bf8 33.Bxg6+ Bxg6 34.Nc4 Ra1+ 35.Kg2 Bg7 
36.b5 d3 37.Rd6 Rc1 38.Ne3 Be4+ 39.f3 Bg6 40.g4 Rb1 41.b6 Rb2+ 42.Kg3 Be5+ 
43.f4 Bxd6 44.gxh5 Bxh5 45.Nd5 d2 46.Nf6+ Kg6 0-1

[Event "Jan Macieja Memorial"]
[Site "Warsaw POL"]
[Date "2023.07.10"]
[Round "3.14"]
[White "Chmiel, Marcin"]
[Black "Pacan-milej, Kosma"]
[Result "0-1"]
[WhiteElo "2084"]
[BlackElo "2302"]
[EventDate "2023.07.10"]
[PlyCount "100"]

1.c4 Nf6 2.g3 g6 3.Bg2 Bg7 4.Nc3 O-O 5.d4 d6 6.Nf3 c6 7.O-O Bf5 8.Ne1 d5 9.Qb3 
Qb6 10.cxd5 cxd5 11.Qxb6 axb6 12.Nxd5 Nxd5 13.Bxd5 Nc6 14.e3 e5 15.dxe5 Bh3 
16.Bg2 Bxg2 17.Kxg2 Nxe5 18.Bd2 Nc4 19.Bc3 Bxc3 20.bxc3 Rfd8 21.Nf3 Rd3 22.Rfc1 
Ra3 23.Nd4 Rd2 24.Kg1 Raxa2 25.Rxa2 Rxa2 26.Rb1 Ra3 27.Rb3 Ra1+ 28.Kg2 Ra2 
29.Kg1 Ra1+ 30.Kg2 Rc1 31.h4 h5 32.Kh2 Kg7 33.Nb5 Rc2 34.Kg1 Ne5 35.Rb4 Nd3 
36.Nd4 Nxb4 37.cxb4 Rc1+ 38.Kg2 b5 39.Nxb5 Rb1 40.Nd4 Rxb4 41.Kf3 Rb1 42.Ke4 
Kf6 43.f3 Rg1 44.Kf4 Ra1 45.g4 hxg4 46.fxg4 Rb1 47.e4 b5 48.e5+ Ke7 49.h5 gxh5 
50.gxh5 b4 0-1

[Event "Jan Macieja Memorial"]
[Site "Warsaw POL"]
[Date "2023.07.10"]
[Round "3.15"]
[White "Sieciechowicz, Marcin"]
[Black "Padalka, Artem"]
[Result "1-0"]
[WhiteElo "2294"]
[BlackElo "2073"]
[EventDate "2023.07.10"]
[PlyCount "87"]

1.d4 Nf6 2.c4 c5 3.d5 g6 4.Nc3 Bg7 5.e4 O-O 6.Nf3 e6 7.Bd3 exd5 8.exd5 Re8+ 
9.Be3 Bh6 10.O-O Bxe3 11.fxe3 Qe7 12.e4 d6 13.Qd2 Nbd7 14.Rae1 Kg7 15.h3 Ne5 
16.Nxe5 Qxe5 17.Qf4 a6 18.Na4 Qxf4 19.Rxf4 Nd7 20.Ref1 f6 21.Be2 Rb8 22.Bg4 Rf8 
23.Bxd7 Bxd7 24.Nb6 Be8 25.g4 g5 26.R4f2 Bg6 27.Nd7 Rbe8 28.Nxf8 Rxf8 29.b3 b5 
30.cxb5 axb5 31.Kh2 b4 32.Kg3 Bxe4 33.Re1 Bxd5 34.Re7+ Kg6 35.Rd2 Bf7 36.Rxd6 
h6 37.Rdd7 f5 38.Rd6+ Kg7 39.gxf5 Kg8 40.Rxh6 c4 41.bxc4 Bxc4 42.Rg6+ Kh8 43.f6 
Bxa2 44.Rh6+ 1-0

[Event "Jan Macieja Memorial"]
[Site "Warsaw POL"]
[Date "2023.07.10"]
[Round "3.16"]
[White "Bartel, Michal"]
[Black "Jedrusik, Adam"]
[Result "1-0"]
[WhiteElo "2282"]
[BlackElo "2023"]
[EventDate "2023.07.10"]
[PlyCount "32"]

1.e4 c6 2.Nc3 d5 3.Qf3 d4 4.Bc4 Nf6 5.Nd1 e5 6.Qg3 Nbd7 7.d3 b5 8.Bb3 Qc7 9.Ne2 
Nc5 10.Nxd4 Nxb3 11.axb3 Bd7 12.Nf3 Rg8 13.Bg5 Be7 14.Qxe5 Qxe5 15.Nxe5 h6 
16.Nxd7 Kxd7 1-0

[Event "Jan Macieja Memorial"]
[Site "Warsaw POL"]
[Date "2023.07.10"]
[Round "3.17"]
[White "Mulawa, Cyprian"]
[Black "Baum, Jonasz"]
[Result "0-1"]
[WhiteElo "2081"]
[BlackElo "2277"]
[EventDate "2023.07.10"]
[PlyCount "70"]

1.Nf3 d5 2.d4 Nf6 3.Bf4 e6 4.e3 c5 5.c3 Nc6 6.Nbd2 cxd4 7.exd4 Nh5 8.Be3 Bd6 
9.g3 O-O 10.Bg2 f5 11.Qe2 f4 12.gxf4 Nxf4 13.Bxf4 Bxf4 14.O-O-O b5 15.Ne5 Nxe5 
16.dxe5 b4 17.cxb4 Qc7+ 18.Kb1 Qxe5 19.Qd3 Qf5 20.Nb3 Qxd3+ 21.Rxd3 Ba6 22.Rc3 
Bd6 23.Re3 Rxf2 24.Rxe6 Rxg2 25.Rxd6 Bd3+ 26.Ka1 Be4 27.Nc5 Rf8 28.Rc1 Rff2 
29.Nxe4 dxe4 30.Rd7 h6 31.Rxa7 Rxb2 32.Rcc7 Rxb4 33.a4 e3 34.Re7 Rd4 35.Rad7 
Rxd7 0-1

[Event "Jan Macieja Memorial"]
[Site "Warsaw POL"]
[Date "2023.07.10"]
[Round "3.18"]
[White "Kiolbasa, Oliwia"]
[Black "Budzisz, Adrian"]
[Result "1-0"]
[WhiteElo "2269"]
[BlackElo "2018"]
[EventDate "2023.07.10"]
[PlyCount "93"]

1.e4 e6 2.d4 d5 3.e5 c5 4.c3 Nc6 5.Nf3 Qb6 6.Bd3 Bd7 7.O-O cxd4 8.Re1 dxc3 
9.Nxc3 a6 10.h4 Nge7 11.a3 Qc7 12.h5 h6 13.Bf4 g5 14.hxg6 fxg6 15.Rc1 Bg7 16.b4 
O-O 17.Bh2 b5 18.Bb1 Qa7 19.Qd3 Rac8 20.Ne2 Nf5 21.Nf4 Nce7 22.g4 Rxc1 23.Rxc1 
g5 24.gxf5 Nxf5 25.Nh5 Be8 26.Nxg7 Kxg7 27.Rf1 Bg6 28.Qc3 g4 29.Nd2 Nd4 30.Qc5 
Ne2+ 31.Kg2 Qf7 32.Bxg6 Qxg6 33.Bg3 h5 34.Qe3 Nxg3 35.fxg3 Rc8 36.Nb3 Rc2+ 
37.Rf2 Rc4 38.Nd4 h4 39.Qf4 Rc7 40.Qf8+ Kh7 41.Qf4 h3+ 42.Kh2 Rg7 43.Nc6 Qb1 
44.Nd8 Qe1 45.Nxe6 Rg8 46.Qf7+ Kh6 47.Rf6+ 1-0

[Event "Jan Macieja Memorial"]
[Site "Warsaw POL"]
[Date "2023.07.10"]
[Round "3.19"]
[White "Bazilius, Augustinas"]
[Black "Zochowski, Kacper"]
[Result "0-1"]
[WhiteElo "2050"]
[BlackElo "2262"]
[EventDate "2023.07.10"]
[PlyCount "62"]

1.d4 d6 2.Nf3 Nd7 3.c4 Ngf6 4.Nc3 e5 5.g3 Be7 6.Bg2 O-O 7.O-O c6 8.e4 Qc7 9.h3 
Re8 10.Be3 Bf8 11.Qc2 b6 12.Rfe1 Bb7 13.Rad1 a6 14.Qb1 b5 15.b3 Rac8 16.Kh1 Qa5 
17.Qb2 b4 18.Nb1 Nxe4 19.Nxe5 Nxg3+ 20.fxg3 dxe5 21.dxe5 Nxe5 22.Bf4 Ng6 23.Bd2 
Qc7 24.Kh2 Bd6 25.Kh1 Bxg3 26.Rxe8+ Rxe8 27.Bxb4 c5 28.Bc3 Nf4 29.Bxb7 Qxb7+ 
30.Kg1 Nxh3+ 31.Kf1 Qh1# 0-1

[Event "Jan Macieja Memorial"]
[Site "Warsaw POL"]
[Date "2023.07.10"]
[Round "3.20"]
[White "Cukrowski, Filip"]
[Black "Jakubowska, Anna"]
[Result "0-1"]
[WhiteElo "2258"]
[BlackElo "2001"]
[EventDate "2023.07.10"]
[PlyCount "116"]

1.d4 d5 2.c4 c6 3.Nc3 Nf6 4.Nf3 e6 5.g3 Be7 6.Bg2 O-O 7.O-O b6 8.Qc2 Ba6 9.cxd5 
cxd5 10.Rd1 Nbd7 11.Qa4 Bb7 12.Bf4 Ne4 13.Nb5 a6 14.Nc3 b5 15.Qb3 Nxc3 16.Qxc3 
Rc8 17.Qb3 Nb6 18.Ne5 Nc4 19.a4 b4 20.Rac1 Nxe5 21.Bxe5 Qd7 22.Qa2 Rxc1 23.Rxc1 
Rc8 24.Rxc8+ Qxc8 25.Qb1 b3 26.Bf4 Qc4 27.Qc1 Qxc1+ 28.Bxc1 Bc6 29.e3 Bxa4 
30.Bf1 a5 31.Bd2 Bd8 32.Be2 Bc6 33.Kf1 Kf8 34.Ke1 Ke8 35.Bd1 a4 36.Bb4 Be7 
37.Bxe7 Kxe7 38.Kd2 Kd7 39.Kc3 Kc7 40.Kb4 Kb6 41.f3 Bb5 42.e4 dxe4 43.fxe4 Bc6 
44.e5 f6 45.Bg4 f5 46.Be2 Bd7 47.h4 g6 48.Bc4 h6 49.d5 exd5 50.Bxd5 g5 51.hxg5 
hxg5 52.Bf7 f4 53.gxf4 gxf4 54.e6 Bc6 55.e7 f3 56.e8=Q Bxe8 57.Bxe8 f2 58.Bb5 
a3 0-1

[Event "Jan Macieja Memorial"]
[Site "Warsaw POL"]
[Date "2023.07.10"]
[Round "3.21"]
[White "Sanz, Losada Victoriano"]
[Black "Orzech, Dominik"]
[Result "1-0"]
[WhiteElo "2010"]
[BlackElo "2256"]
[EventDate "2023.07.10"]
[PlyCount "53"]

1.d4 Nf6 2.c4 c5 3.d5 e6 4.Nc3 exd5 5.cxd5 d6 6.e4 g6 7.h3 Bg7 8.Nf3 O-O 9.Bd3 
Bd7 10.Bf4 Re8 11.O-O b5 12.Re1 b4 13.Na4 Qa5 14.b3 Bxa4 15.bxa4 Nh5 16.Bxd6 
Bxa1 17.Qxa1 Nd7 18.Bb5 Rad8 19.e5 a6 20.Bc6 Nf4 21.Qc1 Nd3 22.Qh6 N7xe5 23.Ng5 
Rxd6 24.Bxe8 b3 25.Bxf7+ Nxf7 26.Qxh7+ Kf8 27.Qxf7# 1-0

[Event "Jan Macieja Memorial"]
[Site "Warsaw POL"]
[Date "2023.07.10"]
[Round "3.22"]
[White "Syrkiewicz, Michal"]
[Black "Malek, Jan"]
[Result "0-1"]
[WhiteElo "2009"]
[BlackElo "2255"]
[EventDate "2023.07.10"]
[PlyCount "112"]

1.e4 e5 2.Nf3 Nc6 3.Bc4 Nf6 4.d3 h6 5.c3 d6 6.Nbd2 g6 7.Nf1 Bg7 8.Ng3 O-O 9.O-O 
Qe7 10.a4 Be6 11.Bxe6 Qxe6 12.h3 d5 13.Qc2 a5 14.Re1 Rad8 15.Bd2 Rd7 16.Rad1 
Rfd8 17.Qb3 Qd6 18.Bc1 dxe4 19.Nxe4 Nxe4 20.Rxe4 b6 21.Ree1 Qd5 22.Qc2 Rd6 
23.Re3 Qe6 24.Rde1 Qf5 25.Rd1 Qe6 26.Rde1 Qd7 27.Rd1 f5 28.b3 f4 29.Re4 Rxd3 
30.Rxd3 Qxd3 31.Qxd3 Rxd3 32.Ba3 Rxc3 33.Kh2 Rxb3 34.Bc1 Rb4 35.Re2 Rc4 36.Bb2 
e4 37.Nh4 Bxb2 38.Rxb2 Kf7 39.g3 f3 40.Rd2 Nd4 41.g4 Kf6 42.Kg3 g5 43.Nf5 Nxf5+ 
44.gxf5 h5 45.Rd7 Kxf5 46.Rf7+ Kg6 47.Re7 Rxa4 48.Rxc7 Rb4 49.Rc3 a4 50.h4 
gxh4+ 51.Kxh4 e3+ 52.Kg3 e2 53.Re3 a3 54.Kxf3 a2 55.Re6+ Kf5 56.Rxe2 a1=Q 0-1

[Event "Jan Macieja Memorial"]
[Site "Warsaw POL"]
[Date "2023.07.10"]
[Round "3.23"]
[White "Koziorowicz, Michal"]
[Black "Szewczyk, Mariusz"]
[Result "0-1"]
[WhiteElo "2253"]
[BlackElo "1994"]
[EventDate "2023.07.10"]
[PlyCount "56"]

1.e4 e5 2.Nc3 Nc6 3.Bc4 Nf6 4.d3 Bc5 5.f4 d6 6.f5 Na5 7.Bg5 Nxc4 8.dxc4 c6 
9.Na4 Bxg1 10.Rxg1 Qa5+ 11.c3 Nxe4 12.Be3 Bxf5 13.Qb3 b5 14.cxb5 Qxb5 15.Qd1 
O-O 16.b3 d5 17.h4 Nf6 18.Qf3 Bg4 19.Qf1 Qa5 20.Qd3 d4 21.Bd2 e4 22.Qxd4 Rad8 
23.Qc5 Qc7 24.g3 e3 25.Bxe3 Rfe8 26.Kf2 Ne4+ 27.Kf1 Nxc5 28.Bxc5 Qe5 0-1

[Event "Jan Macieja Memorial"]
[Site "Warsaw POL"]
[Date "2023.07.10"]
[Round "3.25"]
[White "Janeczko, Jakub"]
[Black "Chylewski, Patryk"]
[Result "0-1"]
[WhiteElo "1991"]
[BlackElo "2226"]
[EventDate "2023.07.10"]
[PlyCount "88"]

1.e4 c6 2.d4 d5 3.f3 e6 4.Be3 Qb6 5.Nd2 Qxb2 6.Bd3 Qa3 7.Ne2 Nf6 8.O-O Be7 9.e5 
Nfd7 10.f4 g6 11.g4 b6 12.f5 Nf8 13.Nb3 Ba6 14.Bc1 Qa4 15.Nc3 Qb4 16.a3 Qxc3 
17.Bd2 Qb2 18.Bc1 Qc3 19.Bd2 Qb2 20.Rb1 Qa2 21.Ra1 Qb2 22.Qf3 Bxd3 23.Qxd3 c5 
24.Bc3 c4 25.Qd2 Qxa1 26.Nxa1 gxf5 27.gxf5 Nc6 28.a4 Nd7 29.fxe6 fxe6 30.Qh6 
Nf8 31.Qh5+ Ng6 32.Qh3 Kd7 33.Rf7 Raf8 34.Qf1 Rxf7 35.Qxf7 Rf8 36.Qxh7 Nf4 
37.a5 Ne2+ 38.Kg2 Nxc3 39.a6 Ne4 40.c3 Nxc3 41.Nc2 Ne2 42.h4 Nexd4 43.Nxd4 Nxd4 
44.h5 c3 0-1

[Event "Jan Macieja Memorial"]
[Site "Warsaw POL"]
[Date "2023.07.10"]
[Round "3.26"]
[White "Malec, Sebastian"]
[Black "Mickiewicz, Piotr"]
[Result "0-1"]
[WhiteElo "1987"]
[BlackElo "2224"]
[EventDate "2023.07.10"]
[PlyCount "66"]

1.e4 c6 2.d4 d5 3.Nc3 dxe4 4.Nxe4 Bf5 5.Ng3 Bg6 6.Bc4 e6 7.N1e2 Nf6 8.Nf4 Bd6 
9.h4 Bxf4 10.Bxf4 h6 11.h5 Bh7 12.c3 Nbd7 13.Bd3 Bxd3 14.Qxd3 Qa5 15.Qe2 O-O 
16.a4 Rfe8 17.b4 Qd5 18.Be5 Nxe5 19.dxe5 Qb3 20.O-O Nd5 21.Ne4 Nb6 22.Nd6 Qxc3 
23.Nxe8 Rxe8 24.a5 Nd5 25.b5 c5 26.Rfc1 Qd4 27.Rd1 Qf4 28.Rac1 b6 29.axb6 axb6 
30.g3 Qf5 31.f4 Qh3 32.Ra1 Qxg3+ 33.Kf1 Ne3+ 0-1

[Event "Jan Macieja Memorial"]
[Site "Warsaw POL"]
[Date "2023.07.10"]
[Round "3.28"]
[White "Lewandrowski, Tomasz"]
[Black "Chomczyk, Marek"]
[Result "0-1"]
[WhiteElo "1797"]
[BlackElo "2217"]
[EventDate "2023.07.10"]
[PlyCount "103"]

1.e4 c5 2.Nf3 Nc6 3.Bb5 d6 4.O-O Bd7 5.Re1 e5 6.c3 Be7 7.d4 Qc7 8.d5 Nd8 9.Bf1 
h5 10.b4 h4 11.h3 cxb4 12.cxb4 Rc8 13.Be3 b5 14.Nbd2 a6 15.Bd3 Qc3 16.Qb1 a5 
17.Rc1 Qxb4 18.Qxb4 axb4 19.Rxc8 Bxc8 20.Bxb5+ Bd7 21.Bxd7+ Kxd7 22.Rb1 f5 
23.Rxb4 Nf6 24.exf5 Nxd5 25.Rg4 Bf6 26.Ne4 Nxe3 27.fxe3 d5 28.Nxf6+ gxf6 
29.Nxh4 Nc6 30.Ra4 e4 31.Ng6 Rb8 32.Nf4 Kd6 33.Ra3 Ke5 34.Rc3 Rb1+ 35.Kh2 Nb4 
36.a3 Na2 37.Rc2 Nc1 38.g4 d4 39.Rc5+ Kd6 40.Rd5+ Kc6 41.Rxd4 Rb2+ 42.Kg3 Rb3 
43.Rxe4 Rxa3 44.Re6+ Kc5 45.Rxf6 Rxe3+ 46.Kh4 Kd4 47.Kg5 Nb3 48.Rd6+ Kc5 49.Re6 
Rc3 50.f6 Nd4 51.f7 Rf3 52.f8=Q+ 0-1

[Event "Jan Macieja Memorial"]
[Site "Warsaw POL"]
[Date "2023.07.10"]
[Round "3.29"]
[White "Kopczynski, Michal"]
[Black "Michalska, Aleksandra"]
[Result "1-0"]
[WhiteElo "2210"]
[BlackElo "1730"]
[EventDate "2023.07.10"]
[PlyCount "69"]

1.e4 e5 2.Nf3 Nc6 3.Bb5 g6 4.c3 Bg7 5.d4 exd4 6.cxd4 Nge7 7.d5 Ne5 8.Nxe5 Bxe5 
9.Nc3 a6 10.Bd3 Bg7 11.O-O O-O 12.Bg5 h6 13.Be3 d6 14.Qd2 Kh7 15.Rac1 f5 16.f3 
Bd7 17.Ne2 fxe4 18.fxe4 Ng8 19.Rxf8 Qxf8 20.Rxc7 Qd8 21.Qc2 Be5 22.Bd4 Rc8 
23.Rxc8 Bxc8 24.Bxe5 dxe5 25.Qc5 Nf6 26.d6 Nd7 27.Qd5 Qb6+ 28.Kf1 Kg7 29.Qe6 
Qd8 30.Bc4 Qf8+ 31.Kg1 Nc5 32.Qxe5+ Qf6 33.Qxc5 Bg4 34.Qc7+ Kf8 35.Qb8+ 1-0

[Event "Jan Macieja Memorial"]
[Site "Warsaw POL"]
[Date "2023.07.10"]
[Round "3.30"]
[White "Malicka, Maria"]
[Black "Bukala, Weronika"]
[Result "1-0"]
[WhiteElo "2168"]
[BlackElo "1687"]
[EventDate "2023.07.10"]
[PlyCount "63"]

1.e4 c5 2.Nf3 d6 3.d4 cxd4 4.Nxd4 Nf6 5.Nc3 e5 6.Bb5+ Bd7 7.Bxd7+ Nbxd7 8.Nf5 
Nc5 9.Bg5 g6 10.Nd5 Ncxe4 11.Bxf6 Nxf6 12.Nfe3 Nxd5 13.Nxd5 Bg7 14.c3 O-O 
15.O-O Rc8 16.Qd2 Qd7 17.Rfd1 Rfd8 18.Qe3 b6 19.a4 Qb7 20.a5 Rc5 21.Qf3 Kh8 
22.b4 Rcc8 23.axb6 axb6 24.Qe3 Rc6 25.Rd2 Ra8 26.Rad1 Ra3 27.h4 Qb8 28.h5 b5 
29.h6 Bf8 30.Qg5 Kg8 31.Nf6+ Kh8 32.Nd7 1-0

[Event "Jan Macieja Memorial"]
[Site "Warsaw POL"]
[Date "2023.07.10"]
[Round "3.31"]
[White "Fistek, Dariusz"]
[Black "Zareba, Piotr"]
[Result "1-0"]
[WhiteElo "2159"]
[BlackElo "1743"]
[EventDate "2023.07.10"]
[PlyCount "101"]

1.d4 Nf6 2.c4 e6 3.Nf3 d5 4.Nc3 c6 5.e3 Nbd7 6.Qc2 Bd6 7.b3 O-O 8.Be2 e5 9.cxd5 
cxd5 10.dxe5 Nxe5 11.O-O Be6 12.Nb5 Nxf3+ 13.Bxf3 Be5 14.Bb2 Rc8 15.Qe2 Bxb2 
16.Qxb2 Qb6 17.Nd4 Rc7 18.Rac1 Rfc8 19.Rxc7 Qxc7 20.Rd1 a6 21.h3 b5 22.Ne2 Qc2 
23.Rd2 Qc6 24.Nf4 Ne4 25.Rd4 Nf6 26.Qd2 Qc1+ 27.Kh2 Qc7 28.g3 h6 29.Nxd5 Bxd5 
30.Bxd5 Nxd5 31.Rxd5 Re8 32.Rd7 Qe5 33.Ra7 Qf6 34.Rd7 g6 35.Rd6 Qg5 36.Rxa6 Rd8 
37.Rd6 Rxd6 38.Qxd6 Qf5 39.Qf4 Qc2 40.Kg2 Qc6+ 41.Qf3 Qc2 42.Qb7 Qe2 43.a4 bxa4 
44.bxa4 Qd3 45.a5 h5 46.a6 h4 47.a7 hxg3 48.a8=Q+ Kg7 49.Qb2+ Kh6 50.Qah8+ Kg5 
51.Qbf6# 1-0

[Event "Jan Macieja Memorial"]
[Site "Warsaw POL"]
[Date "2023.07.10"]
[Round "3.32"]
[White "Kultiyasov, Mikhail"]
[Black "Jasiulewicz, Dawid"]
[Result "0-1"]
[WhiteElo "2104"]
[BlackElo "1797"]
[EventDate "2023.07.10"]
[PlyCount "79"]

1.e4 c5 2.Nf3 d6 3.d4 cxd4 4.Nxd4 Nf6 5.Nc3 a6 6.Nb3 e5 7.Bg5 Be7 8.Bxf6 Bxf6 
9.Qd3 Be6 10.O-O-O Be7 11.Nd5 Bxd5 12.Qxd5 Qb6 13.Na5 Nc6 14.Nxc6 bxc6 15.Qd2 
Rb8 16.c3 Bg5 17.b3 Bxd2+ 18.Rxd2 Ke7 19.Bc4 Rhd8 20.Rhd1 Qa5 21.Kb2 g6 22.g3 
f5 23.f3 Qb6 24.Re1 Kf6 25.Kc2 a5 26.a4 Qc5 27.Red1 Ke7 28.Re1 Kf6 29.Red1 Qa3 
30.Kb1 Rxb3+ 31.Bxb3 Qxb3+ 32.Kc1 Qxc3+ 33.Rc2 Qa3+ 34.Kd2 Qxf3 35.exf5 gxf5 
36.Rc3 Qe4 37.Re1 Qxa4 38.Rec1 Qd4+ 39.Rd3 Qf2+ 40.Kc3 0-1

[Event "Jan Macieja Memorial"]
[Site "Warsaw POL"]
[Date "2023.07.10"]
[Round "3.33"]
[White "Hury, Tymoteusz"]
[Black "Kaszuba, Michal"]
[Result "1-0"]
[WhiteElo "1827"]
[BlackElo "1564"]
[EventDate "2023.07.10"]
[PlyCount "97"]

1.c4 Nf6 2.Nf3 g6 3.g3 Bg7 4.Bg2 O-O 5.O-O d6 6.h3 Nbd7 7.d3 e5 8.Nc3 c6 9.e4 
Ne8 10.Nh2 f5 11.f4 Ndf6 12.Be3 fxe4 13.dxe4 Nh5 14.Qe1 exf4 15.gxf4 Be6 16.c5 
d5 17.Rd1 Nef6 18.e5 Nd7 19.Ne2 Qe7 20.b4 a5 21.a3 axb4 22.axb4 Ra2 23.Nf3 h6 
24.Nfd4 Rfa8 25.Rb1 Nf8 26.Qc1 Bd7 27.Rb2 R2a3 28.Qd2 Ne6 29.Rfb1 Nxd4 30.Nxd4 
Ng3 31.Bf2 Nf5 32.Kh2 Nxd4 33.Bxd4 Qh4 34.Rb3 Ra2 35.R1b2 Ra1 36.Bf2 Qh5 37.b5 
Qf5 38.bxc6 bxc6 39.Rb7 Be6 40.Rc7 R8a6 41.Rb8+ Kh7 42.Rbb7 Qf8 43.Rxg7+ Qxg7 
44.Rxg7+ Kxg7 45.Qb2 h5 46.Qb7+ Kh6 47.Bh4 g5 48.Bxg5+ Kg6 49.Qe7 1-0

[Event "Jan Macieja Memorial"]
[Site "Warsaw POL"]
[Date "2023.07.10"]
[Round "3.34"]
[White "Lada, Marek"]
[Black "Dworakowska, Joanna"]
[Result "0-1"]
[WhiteElo "2133"]
[BlackElo "2234"]
[EventDate "2023.07.10"]
[PlyCount "57"]

1.d4 f5 2.c4 Nf6 3.Nf3 g6 4.g3 d6 5.Bg2 Bg7 6.b3 O-O 7.Bb2 Qe8 8.O-O e5 9.dxe5 
Ng4 10.Nbd2 Nc6 11.Qc1 Ngxe5 12.Nxe5 dxe5 13.e3 Be6 14.Rd1 Rd8 15.Nf3 h6 
16.Rxd8 Qxd8 17.Qd1 Qe7 18.Qe2 Rd8 19.Rd1 Rd7 20.Rxd7 Qxd7 21.Qd2 Qxd2 22.Nxd2 
Nb4 23.Bxb7 Nxa2 24.Nf3 e4 25.Bxg7 Kxg7 26.Nd2 Kf6 27.h4 Ke5 28.Kf1 Kd6 29.Nb1 0-1

[Event "Jan Macieja Memorial"]
[Site "Warsaw POL"]
[Date "2023.07.10"]
[Round "3.35"]
[White "Bartoszewicz, Marcin"]
[Black "Golecki, Jan"]
[Result "0-1"]
[WhiteElo "1668"]
[BlackElo "2122"]
[EventDate "2023.07.10"]
[PlyCount "90"]

1.e4 d6 2.d4 Nf6 3.Nc3 Nbd7 4.f4 e5 5.Nf3 exd4 6.Qxd4 c6 7.Be3 d5 8.Qd2 Bb4 
9.exd5 Nxd5 10.Bd4 O-O 11.a3 Qa5 12.Bc4 Re8+ 13.Kf2 Nxc3 14.bxc3 Bf8 15.Rhe1 
Rxe1 16.Rxe1 b5 17.Bb3 c5 18.Re8 cxd4 19.Nxd4 Bb7 20.Rxa8 Bxa8 21.Qe3 Qd8 
22.Nf5 Qf6 23.Nd4 Nc5 24.Kf1 Qe7 25.Qxe7 Bxe7 26.Nxb5 Nxb3 27.cxb3 a6 28.Nc7 
Bxa3 29.Nxa8 Kf8 30.Nc7 a5 31.Ke2 Ke7 32.g3 Bc5 33.h3 Kd6 34.Ne8+ Kd5 35.Nxg7 
Ke4 36.Ne8 h6 37.Nc7 h5 38.Nb5 f5 39.Nc7 Bd6 40.Ne6 Be7 41.Ng7 Bf6 42.Nxh5 Bxc3 
43.Ng7 Bxg7 44.Kd2 Kf3 45.Kd3 Kxg3 0-1

[Event "Jan Macieja Memorial"]
[Site "Warsaw POL"]
[Date "2023.07.10"]
[Round "3.36"]
[White "Zubova, Mariya"]
[Black "Obukhava, Anastasiya"]
[Result "1-0"]
[WhiteElo "2116"]
[BlackElo "1663"]
[EventDate "2023.07.10"]
[PlyCount "63"]

1.e4 c5 2.Nf3 e6 3.g3 g6 4.Bg2 Bg7 5.c3 Ne7 6.O-O O-O 7.Re1 Nbc6 8.d3 d5 9.Nbd2 
b6 10.Nf1 Bb7 11.e5 Qc7 12.d4 Nf5 13.g4 Nfe7 14.Ng3 Qd7 15.Be3 cxd4 16.cxd4 f5 
17.exf6 Bxf6 18.Qd2 Rae8 19.Bh6 Bg7 20.Re2 Ba6 21.Ree1 Nc8 22.Bxg7 Kxg7 23.Ne5 
Nxe5 24.Rxe5 Nd6 25.b3 Rf6 26.Qg5 Nf7 27.Nh5+ Kf8 28.Nxf6 Nxg5 29.Nxd7+ Ke7 
30.Rxg5 Kxd7 31.Re1 Bd3 32.Rge5 1-0

[Event "Jan Macieja Memorial"]
[Site "Warsaw POL"]
[Date "2023.07.10"]
[Round "3.37"]
[White "Kudlak, Julia"]
[Black "Redzisz, Michal"]
[Result "0-1"]
[WhiteElo "1656"]
[BlackElo "2103"]
[EventDate "2023.07.10"]
[PlyCount "56"]

1.e4 e5 2.Bc4 Nf6 3.d3 c6 4.Bb3 d5 5.Nf3 a5 6.a3 a4 7.Ba2 Bd6 8.exd5 Nxd5 9.O-O 
O-O 10.c4 Nc7 11.d4 e4 12.Ng5 Bf5 13.Nc3 Ne6 14.Nxe6 Bxe6 15.c5 Bxa2 16.Nxa2 
Bc7 17.Nc3 Re8 18.Be3 Nd7 19.Qc2 Nf6 20.Rad1 Qd7 21.Bg5 Nd5 22.Nxd5 cxd5 23.f4 
f6 24.Bh4 f5 25.Bf2 e3 26.Bg3 e2 27.Rfe1 exd1=Q 28.Qxd1 Rxe1+ 0-1

[Event "Jan Macieja Memorial"]
[Site "Warsaw POL"]
[Date "2023.07.10"]
[Round "3.39"]
[White "Smetek, Michal"]
[Black "Sternik, Piotr"]
[Result "0-1"]
[WhiteElo "2036"]
[BlackElo "1642"]
[EventDate "2023.07.10"]
[PlyCount "96"]

1.d4 Nf6 2.c4 e6 3.g3 d5 4.Nf3 a6 5.a4 Be7 6.Bg2 O-O 7.O-O c6 8.Qc2 Nbd7 9.Nbd2 
Bd6 10.e4 dxe4 11.Nxe4 Nxe4 12.Qxe4 Nf6 13.Qe2 Re8 14.Rd1 Qc7 15.c5 Bf8 16.Bf4 
Qd8 17.h4 Nd5 18.Bd2 g6 19.h5 Bg7 20.Ne5 f6 21.Nc4 e5 22.dxe5 fxe5 23.hxg6 hxg6 
24.Nd6 Re7 25.Bg5 Be6 26.Nxb7 Qc7 27.Bxe7 Qxe7 28.Nd6 Qf6 29.Ra3 a5 30.Re1 Qg5 
31.Ne4 Qe7 32.Nd6 Qg5 33.Ne4 Qe7 34.Rd3 Qb7 35.Nc3 Rd8 36.Nxd5 cxd5 37.Rdd1 Qd7 
38.Qb5 Qf7 39.c6 Rf8 40.Rd2 e4 41.Rc2 Bd4 42.Ree2 Qc7 43.Qb7 Qxg3 44.Kh1 Qh4+ 
45.Kg1 Bg4 46.Qc7 Bxe2 47.Rxe2 Bxf2+ 48.Kf1 Be3+ 0-1

[Event "Jan Macieja Memorial"]
[Site "Warsaw POL"]
[Date "2023.07.10"]
[Round "3.41"]
[White "Derylo, Kamil"]
[Black "Holubczat, Maciej"]
[Result "1-0"]
[WhiteElo "2026"]
[BlackElo "1635"]
[EventDate "2023.07.10"]
[PlyCount "51"]

1.d4 d5 2.c4 e6 3.Nf3 c5 4.cxd5 exd5 5.Nc3 Nc6 6.g3 Nf6 7.Bg2 cxd4 8.Nxd4 Bc5 
9.Nxc6 bxc6 10.O-O O-O 11.Bg5 Re8 12.Qa4 Bd7 13.Rac1 Bb6 14.Qc2 h6 15.Bf4 Qe7 
16.Rfd1 Ng4 17.Rf1 Qf6 18.e4 g5 19.exd5 gxf4 20.Ne4 Qg6 21.Qc3 cxd5 22.Nc5 Bc6 
23.b4 Rad8 24.h3 Nf6 25.g4 Ba8 26.Qf3 1-0

[Event "Jan Macieja Memorial"]
[Site "Warsaw POL"]
[Date "2023.07.10"]
[Round "3.43"]
[White "Jaszczuk, Piotr"]
[Black "Pires, Emanuel Joao Robarts"]
[Result "0-1"]
[WhiteElo "1627"]
[BlackElo "2005"]
[EventDate "2023.07.10"]
[PlyCount "75"]

1.e4 d6 2.d4 Nf6 3.Nc3 g6 4.Be3 Bg7 5.f3 c6 6.Qd2 b5 7.h4 h5 8.a3 Nbd7 9.Nh3 
Qc7 10.Ng5 a6 11.Be2 Bb7 12.Rd1 c5 13.d5 Rc8 14.Bf4 b4 15.Na4 Nb6 16.Nxb6 Qxb6 
17.a4 c4 18.Be3 Qa5 19.b3 cxb3 20.cxb3 Rc3 21.Bc4 Nd7 22.Bd4 Ne5 23.Bxe5 Bxe5 
24.f4 Bf6 25.O-O Qc5+ 26.Kh1 O-O 27.Qe2 Bc8 28.e5 Bg4 29.Nf3 Bxh4 30.exd6 exd6 
31.Rd3 a5 32.Rxc3 bxc3 33.Qc2 Bf6 34.Ng5 Re8 35.Bd3 Kg7 36.Be4 Qd4 37.Nxf7 Rxe4 
38.Nxd6 0-1